| 000 | 00905nam a22002897a 4500 | ||
|---|---|---|---|
| 001 | 9371 | ||
| 003 | FISKH | ||
| 005 | 20251216083632.0 | ||
| 008 | 251216b cb ||||| |||| 00| 0 eng d | ||
| 020 | _a9780439587419 | ||
| 040 |
_aFISKH _beng _cFISKH _dFISKH |
||
| 050 | _aHN310.S257 N38 | ||
| 082 | _a418 | ||
| 100 |
_aWood, Douglas _eAuthor |
||
| 245 |
_aWhat readers can do / _cby Douglas Wood ; pictures by Doug Cushman |
||
| 260 |
_aNew York : _bScholastic Inc. , _c2004 |
||
| 300 |
_a6 unnumbered pages : _bcolor illustrations ; _c16 x 23 cm |
||
| 505 | _aJ | ||
| 520 | _aSimple text and pictures describe the wonders available through reading. | ||
| 521 | 8 |
_a500
_bLexile estimate |
|
| 521 | 8 |
_aJ
_bRaz-Plus |
|
| 650 |
_aPicture book _vReaders |
||
| 650 |
_aBooks and reading _vJuvenile literature |
||
| 700 |
_aCushman, Doug _eIllustrator |
||
| 942 |
_2ddc _cBK _n0 |
||
| 999 |
_c9371 _d9371 |
||